Sức bền vật liệu Tập 1

Sức bền vật liệu (SBVL) là môn học kĩ thuật cơ sở của các ngành kĩ thuật (Xây dựng, Cơ khí, Cầu đường, Kiến trúc, ...). Mục đích của SBVL là nghiên cứu các quy luật ứng xử ứng suất và biến dạng của vật liệu dưới tác dụng của các n...

وصف كامل

محفوظ في:
التفاصيل البيبلوغرافية
المؤلف الرئيسي: Lê Quang Minh
مؤلفون آخرون: Nguyễn Văn Vượng
التنسيق: كتاب
اللغة:Vietnamese
منشور في: H. Giáo dục Việt Nam 2011
الطبعة:Tái bản lần thứ tư
الموضوعات:
الوسوم: إضافة وسم
لا توجد وسوم, كن أول من يضع وسما على هذه التسجيلة!
Thư viện lưu trữ: Thư viện Trường Đại học Nam Cần Thơ
LEADER 01935nam a22002657a 4500
001 NCT_35757
008 180522b xxu||||| |||| 00| 0 vie d
999 |c 1724  |d 1724 
020 |c 47000 
082 0 4 |2 23rd ed.  |a 620.112  |b M312/T.1 
100 1 |a Lê Quang Minh 
245 1 0 |a Sức bền vật liệu  |n Tập 1  |c Lê Quang Minh, Nguyễn Văn Vượng 
250 |a Tái bản lần thứ tư 
260 |a H.  |b Giáo dục Việt Nam  |c 2011 
300 |a 243 tr.  |b Minh họa  |c 27cm 
520 3 |a Sức bền vật liệu (SBVL) là môn học kĩ thuật cơ sở của các ngành kĩ thuật (Xây dựng, Cơ khí, Cầu đường, Kiến trúc, ...). Mục đích của SBVL là nghiên cứu các quy luật ứng xử ứng suất và biến dạng của vật liệu dưới tác dụng của các nhân tố bên ngoài. 
653 |a Công nghệ kĩ thuật ô tô 
700 1 |a Nguyễn Văn Vượng 
942 |2 ddc  |c BK 
952 |0 0  |1 0  |2 ddc  |4 0  |6 620_112000000000000_M312_T_1  |7 0  |9 8256  |a 000001  |b 000001  |d 2018-05-22  |l 1  |o 620.112 M312/T.1  |p MD.09854  |r 2019-12-23  |s 2019-12-16  |v 47.00  |w 2018-05-22  |y BK 
952 |0 0  |1 0  |2 ddc  |4 0  |6 620_112000000000000_M312_T_1  |7 0  |9 8257  |a 000001  |b 000001  |d 2018-05-22  |l 2  |o 620.112 M312/T.1  |p MD.09855  |r 2020-09-01  |s 2020-08-20  |v 47.00  |w 2018-05-22  |y BK 
952 |0 0  |1 0  |2 ddc  |4 0  |6 620_112000000000000_M312_T_1  |7 0  |9 8258  |a 000001  |b 000001  |d 2018-05-22  |o 620.112 M312/T.1  |p MD.09856  |r 2018-05-22  |v 47.00  |w 2018-05-22  |y BK 
952 |0 0  |1 0  |2 ddc  |4 0  |6 620_112000000000000_M312_T_1  |7 0  |9 8259  |a 000001  |b 000001  |d 2018-05-22  |l 4  |o 620.112 M312/T.1  |p MD.09857  |r 2020-01-10  |s 2020-01-07  |v 47.00  |w 2018-05-22  |y BK 
952 |0 0  |1 0  |2 ddc  |4 0  |6 620_112000000000000_M312_T_1  |7 0  |9 8264  |a 000001  |b 000001  |d 2018-05-22  |o 620.112 M312/T.1  |p MD.09858  |r 2018-05-22  |v 47000.00  |w 2018-05-22  |y BK 
980 |a Thư viện Trường Đại học Nam Cần Thơ